000 00429nam a2200169Ia 4500
003 GCL
008 140319s9999 xx 000 0 eng d
040 _aGCL /
_cGCL
082 0 4 _aCH
_b387.155
_bC L
100 1 _aCOOPER, JASON
245 1 0 _aLIGHT HOUSES /
_cCOOPER, JASON
260 _a[S.N] :
_bROURK ENTERPRISES ,INC ،
_c1991
300 _a24 P
650 0 4 _aNAVIGATIONAL AIDS
650 0 4 _aLIGHT HOUSES
942 _2ddc
_cBK
999 _c13485
_d13485